Finanzas publicas / (Registro nro. 12701)
[ vista simple ]
| 000 -LEADER | |
|---|---|
| fixed length control field | 01308nam a2200265Ia 4500 |
| 003 - CONTROL NUMBER IDENTIFIER | |
| control field | OSt |
| 005 - DATE AND TIME OF LATEST TRANSACTION | |
| control field | 20211013142610.0 |
| 008 - FIXED-LENGTH DATA ELEMENTS--GENERAL INFORMATION | |
| fixed length control field | 210310s2005 ck gr 000 0 spa d |
| 020 ## - INTERNATIONAL STANDARD BOOK NUMBER | |
| International Standard Book Number | 9583376892 |
| 040 ## - CATALOGING SOURCE | |
| Original cataloging agency | CO-JMCR |
| Transcribing agency | CO-JMCR |
| 041 0# - LANGUAGE CODE | |
| Language code of text/sound track or separate title | spa |
| 082 04 - DEWEY DECIMAL CLASSIFICATION NUMBER | |
| Classification number | 336.861 / |
| Item number | C911f |
| Edition number | 23 |
| 100 1# - MAIN ENTRY--PERSONAL NAME | |
| Personal name | Córdoba Padilla, Marcial, |
| Relator term | autor |
| 9 (RLIN) | 24698 |
| 245 10 - TITLE STATEMENT | |
| Title | Finanzas publicas / |
| Statement of responsibility, etc. | Marcial Córdoba Padilla |
| 250 ## - EDITION STATEMENT | |
| Edition statement | Primera edición |
| 260 ## - PUBLICATION, DISTRIBUTION, ETC. | |
| Place of publication, distribution, etc. | Medellín : |
| Name of publisher, distributor, etc. | Universidad tecnológica de Choco, |
| Date of publication, distribution, etc. | 2005. |
| 300 ## - PHYSICAL DESCRIPTION | |
| Extent | 404 páginas : |
| Other physical details | ilustraciones y gráficas en blanco y negro ; |
| Dimensions | 23 cm. |
| 504 ## - BIBLIOGRAPHY, ETC. NOTE | |
| Bibliography, etc. note | Bibliografía : páginas 403-404. |
| 505 0# - FORMATTED CONTENTS NOTE | |
| Formatted contents note | El estado y los sectores de la economía. -- Planeación estatal. -- Ingresos y gastos del estado. -- El programa anual de caja como herramienta financiera del estado. -- Gestión financiera territorial. Resultados de las finanzas públicas. |
| 520 ## - SUMMARY, ETC. | |
| Summary, etc. | La intervención del Estado en la economía del país a través de las finanzas públicas tiene como fin último la elevación de la calidad de vida de población y el cumplimiento de las metas trazadas debe ser medido a través de indicadores. |
| 650 14 - SUBJECT ADDED ENTRY--TOPICAL TERM | |
| Topical term or geographic name entry element | Gestión tributaria |
| 9 (RLIN) | 41145 |
| 650 24 - SUBJECT ADDED ENTRY--TOPICAL TERM | |
| Topical term or geographic name entry element | Finanzas públicas |
| 9 (RLIN) | 41146 |
| 650 24 - SUBJECT ADDED ENTRY--TOPICAL TERM | |
| Topical term or geographic name entry element | Cuentas nacionales |
| 9 (RLIN) | 41147 |
| 942 ## - ADDED ENTRY ELEMENTS (KOHA) | |
| Source of classification or shelving scheme | Dewey Decimal Classification |
| Koha item type | Books |
| Withdrawn status | Lost status | Source of classification or shelving scheme | Damaged status | Not for loan | Home library | Current library | Shelving location | Date acquired | Source of acquisition | Full call number | Barcode | Date last seen | Copy number | Price effective from | Koha item type |
|---|---|---|---|---|---|---|---|---|---|---|---|---|---|---|---|
| Dewey Decimal Classification | Biblioteca Pública José María del Castillo y Rada | Biblioteca Pública José María del Castillo y Rada | General Stacks | 04/15/2018 | Donación | 336.861 / C911f | 430004717 | 05/16/2024 | Ej.1 | 03/10/2021 | Books |